Artes de México : mitos del maíz /

Volumen que analiza el simbolismo del maíz en la cultura mexicana y las recreaciones mitológicas que en torno a él se han construido, que no en vano constituyó un elemento sagrado en las antiguas culturas mesoamericanas y sigue siendo parte central de los alimentos cotidianos del país.

Enregistré dans:
Détails bibliographiques
Autres auteurs: Ruy Sánchez, Alberto (dirección) (dirección), Orellana, Margarita de (dirección) (dirección)
Format: Livre
Langue:espagnol
Sujets:
Tags: Ajouter un tag
Pas de tags, Soyez le premier à ajouter un tag!

MARC

LEADER 00000nam^a2200000^a^4500
001 000189899
005 20250521000000.0
009 20260310102429.381
020 |a 970-683-181-9 
037 |a Acervo ITESO - Biblioteca 
041 |a ESP 
082 |a 700. 5  |b ART V. 79b 
240 1 1 |a [Artes de México] 
240 1 1 |a [Artes de México: sabores de nuestro país] 
240 1 1 |a [Artes de México: el maíz] 
245 0 0 |a Artes de México :  |b mitos del maíz /  |c Dir. de A. Ruy Sánchez, M. de Orellana. 
264 |a México :  |b Artes de México,  |c 2006 
300 |a 80, 13 p. 
336 |a texto  |b txt  |2 rdacontenido 
337 |a sin mediación  |b n  |2 rdamedio 
338 |a volumen  |b nc  |2 rdasoporte 
520 |a Volumen que analiza el simbolismo del maíz en la cultura mexicana y las recreaciones mitológicas que en torno a él se han construido, que no en vano constituyó un elemento sagrado en las antiguas culturas mesoamericanas y sigue siendo parte central de los alimentos cotidianos del país. 
649 |a XX 
650 |a Arte -  |x Publicaciones Periódicas Mexicanas 
650 |a Indígenas de México -  |x Condiciones Sociales y Culturales 
650 |a Campesinos Mexicanos -  |x Condiciones Sociales y Culturales 
650 |a Maíz -  |z México -  |x Aspectos Sociales y Culturales -  |x Tema Principal 
650 |a Mitología Mexicana 
650 |a Ritos Religiosos -  |z México 
650 |a Ritos -  |z México 
650 |a Fiestas -  |z México 
650 |a Cosmovisión -  |z México 
650 |a Simbolismo -  |z México 
650 |a Prácticas Culturales -  |z México 
650 |a Identidad Cultural -  |z México 
650 |a Artesanía -  |z México 
650 |a Arte Popular -  |z México 
650 |a Arte Mexicano -  |x Historia y Crítica 
650 |a Arte y Sociedad -  |z México 
650 |a Antropología Cultural 
650 |a Publicaciones Periódicas Mexicanas 
700 |a Ruy Sánchez, Alberto  |e (dirección) 
700 |a Orellana, Margarita de  |e (dirección) 
910 |a Fondo General 
920 |a Impresos - Libros 
930 |a Reserva Especial 
905 |a 103 
901 |a 0500133495  |b IT1  |c REE  |u 20250521 
902 |a https://opac.biblio.iteso.mx/vufind/Record/000189899